| 000 | 00475nam a2200193 i 4500 | ||
|---|---|---|---|
| 001 | bg | ||
| 100 | 1 |
_aBIELECKI, Jan _d(?-2001). |
|
| 245 | 0 |
_aAmiPro dla Windows / _cJan Bielecki. |
|
| 260 |
_aWarszawa : _bWydaw. PLJ, _c1992. |
||
| 300 |
_a210, [1] s. : _brys. ; _c23 cm. |
||
| 650 | 9 | _aWINDOWS | |
| 020 | _a8385190740 | ||
| 040 | _cBPK | ||
| 041 | _apol | ||
| 080 | _a681.322.066 | ||
| 920 | _a83-85190-74-0 | ||
| 942 | _cKS | ||
| 008 | s pl f |000 0 pol | ||
| 999 |
_c6185 _d6185 |
||
| 856 |
_uhttp://koha.tu.koszalin.pl/cgi-bin/koha/opac-detail.pl?biblionumber=6185 _yKatalog online BPK |
||